000 01064cam a2200265 4500
001 ##L134882
008 060907n2005 000 0 eng u
020 _a1903287588
035 _a(Sirsi) u134882
041 0 _aeng
050 0 4 _a697 $2 18
110 2 _aChartered Institution of Building Services Engineers
_92360
245 0 0 _aHeating, ventilating, air conditioning and refrigeration
_bCIBSE guide B
260 _aLondon
_bCIBSE
_c2005
300 _a1v.
_bill.
_c30cm.
350 _a96
490 0 _aCIBSE Guide
_vB
505 2 _aHeating -- Ventilation and air conditioning -- Ductwork -- Refrigeration and heat rejection -- Noise and vibration control for HVAC
520 _aOffers guidance for those involved in selecting and designing heating systems. Includes information on legal requirements and environmental targets.
590 _aIKA171006
651 4 _aUnited Kingdom
_y
690 _aBUILT ENVIRONMENT-BUILDING SERVICES-BUILDING SERVICES ENGINEERING-HEATING AND VENTILATION ENGINEERING
700 1 _aButcher, Ken
_eEditor
942 _n0
999 _c105830
_d105830